Deciphering ISIS/Daesh Ideology and Conflict: A Critical Discourse Analysis of Dabiq Magazine 2014 – 2016/ (Record no. 610178)

000 -LEADER
fixed length control field 00596nam a22001697a 4500
003 - CONTROL NUMBER IDENTIFIER
control field NUST
038 ## - RECORD CONTENT LICENSOR
Staff Name Nusrat Nadeem
082 ## - DEWEY DECIMAL CLASSIFICATION NUMBER
Classification number 200
100 ## - MAIN ENTRY--PERSONAL NAME
Personal name Iftikhar, Waseem
245 ## - TITLE STATEMENT
Title Deciphering ISIS/Daesh Ideology and Conflict: A Critical Discourse Analysis of Dabiq Magazine 2014 – 2016/
Statement of responsibility, etc. Waseem Iftikhar,
264 ## - PRODUCTION, PUBLICATION, DISTRIBUTION, MANUFACTURE, AND COPYRIGHT NOTICE
Place of production, publication, distribution, manufacture Islamabad;
Name of producer, publisher, distributor, manufacturer CIPS NUST;
Date of production, publication, distribution, manufacture, or copyright notice 2022.
300 ## - PHYSICAL DESCRIPTION
Extent 220p;
Other physical details ill;
Dimensions 30,cm.
650 ## - SUBJECT ADDED ENTRY--TOPICAL TERM
Topical term or geographic name entry element PhD-Peace and Conflict Studies
700 ## - ADDED ENTRY--PERSONAL NAME
Personal name Supervisor: Dr. Muhammad Makki
856 ## - ELECTRONIC LOCATION AND ACCESS
Uniform Resource Identifier <a href="http://10.250.8.41:8080/xmlui/handle/123456789/34809">http://10.250.8.41:8080/xmlui/handle/123456789/34809</a>
942 ## - ADDED ENTRY ELEMENTS (KOHA)
Source of classification or shelving scheme
Koha item type Soft Copy
Holdings
Withdrawn status Permanent Location Current Location Shelving location Date acquired Full call number Barcode Koha item type
  Central Library (CL) Central Library (CL) Thesis 07/09/2024 200 CLPT-271 Soft Copy
© 2023 Central Library, National University of Sciences and Technology. All Rights Reserved.